Nákladový controlling a skryté náklady

V dnešnom čase hospodárskej krízy je pre vrcholový manažment veľmi nebezpečné rozhodovať bez znalosti presnej výšky nákladov. Vrcholový manažment by nemal poznať len bežné náklady ale aj náklady skryté. Skryté náklady sa môžu najčastejšie vyskytovať v oblasti informačných systémov, cestovných náklad...

Descrizione completa

Salvato in:
Dettagli Bibliografici
Autore principale: Ujházyová, Dáša
Natura: Capitolo di libro
Lingua:slovacco
Soggetti:
Tags: Aggiungi Tag
Nessun Tag, puoi essere il primo ad aggiungerne!!

MARC

LEADER 00000nla$a2200000$$$4500
001 0096521
005 20240502072055.2
041 0 |a slo 
044 |a SK 
245 1 0 |a Nákladový controlling a skryté náklady  |c Dáša Ujházyová 
520 |a V dnešnom čase hospodárskej krízy je pre vrcholový manažment veľmi nebezpečné rozhodovať bez znalosti presnej výšky nákladov. Vrcholový manažment by nemal poznať len bežné náklady ale aj náklady skryté. Skryté náklady sa môžu najčastejšie vyskytovať v oblasti informačných systémov, cestovných nákladov, ľudských zdrojov a servisných oddelení ako nákupné alebo marketingové oddelenie. 
610 2 0 |a kontroling 
610 2 0 |a kontroling nákladový 
610 2 0 |a kríza hospodárska 
610 2 0 |a riadenie vrcholové 
610 2 0 |a náklady dopravné 
610 2 0 |a systémy informačné 
610 2 0 |a náklady 
610 2 0 |a zdroje ľudské 
610 2 0 |a kalkulácia nákladov 
100 1 |a Ujházyová, Dáša